000 00526cam a22002051i 4500
001 ca 35000644
003 DLC
005 20260227111138.0
008 770218s1935 nyu 000 0 eng
010 _aca 35000644
035 _a(OCoLC)2750132
040 _aDLC
_cMNoW
_dDLC
042 _apremarc
050 0 0 _aPS3521.E586
_bG6 1935
082 _a812.5
100 1 _aKent, Race.
245 1 0 _aGory George :
_ba one-act play /
_cby Race Kent.
260 _aNew York :
_bFrench,
_c1935.
300 _a35 p. :
_bill. ;
_c19 cm.
999 _c17861
_d17861